000 01062nam a2200253 i 4500
001 82839
003 ES-MaACL
005 20250824201935.0
007 t|
008 041112s1983 sp ||||1| spa d
080 _a322(46)"18/19":061.3(46)"1981"
111 0 _aSemana de Historia Eclesiástica de España Contemporánea (
_n6ª.
_d1981.
_cEl Escorial)
_9998
245 1 0 _aIglesia, sociedad y política en la España contemporánea
_b: [ponencias presentadas a la VI Semana de Historia Eclesiástica de España Contemporánea] /
_cM. Espadas Burgos... [et al.].
260 _aEl Escorial :
_bEdiciones Escurialenses,
_c1983.
300 _a407 p. ;
_c21 cm.
490 1 _aBiblioteca la ciudad de Dios. Pax Veritatis ;
_v1
490 1 _aVarios ;
_v34
650 4 _aIglesia y Estado-
_zEspaña-
_yS.XIX-
_vCongresos y asambleas.
_9145993
700 1 _aEspadas Burgos, Manuel.
_947744
830 0 0 _aBiblioteca la ciudad de Dios
_v1
_9187490
830 0 _aVarios ;
_v34
_9228361
852 _aES-MaACL
_jC-54791
_bR.104834
999 _c82839
_d82839